Statistics for 2,000,000-14,000,000 km^2 nations

Click here to take the quiz!

General Stats

  • This quiz has been taken 4 times
  • The average score is 11 of 12

Answer Stats

Answer% Correct
Algeria
100%
Argentina
100%
Australia
100%
Brazil
100%
Canada
100%
China
100%
Democratic Republic of the Congo
100%
India
100%
United States
100%
Kazakhstan
75%
Saudi Arabia
75%
Greenland
50%

Score Distribution

Percentile by Number Answered

Percent of People with Each Score

Your Score History

You have not taken this quiz